Figure Out the Lyrics - Mystery Rock Song #007 (2006) Quiz Stats

 Plays Quiz not verified by Sporcle

Challenge
Share
Tweet
Embed
Score 0/298 Timer 10:00
0 Plays Today
% Correct
I
97.6%
I
97.6%
I
97.6%
you
95.6%
you
95.6%
you
95.6%
you
95.6%
you
95.6%
you.
95.6%
you
95.6%
you.
95.6%
you.
95.6%
you.
95.6%
you
95.6%
you
95.6%
you
95.6%
you
95.6%
you
95.6%
you
95.6%
you
95.6%
you
95.6%
you
95.6%
you.
95.6%
you
95.6%
you.
95.6%
you.
95.6%
you.
95.6%
you
95.6%
you.
95.6%
you
95.6%
you.
95.6%
you.
95.6%
you.
95.6%
you
95.6%
you
95.6%
You
95.6%
You
95.6%
You
95.6%
You
95.6%
You
95.6%
You
95.6%
a
95.3%
a
95.3%
the
91.5%
the
91.5%
The
91.5%
the
91.5%
the
91.5%
the
91.5%
the
91.5%
The
91.5%
the
91.5%
the
91.5%
the
91.5%
The
91.5%
the
91.5%
be
83.7%
be
83.7%
and
81%
and
81%
and
81%
to
80.7%
to
80.7%
to
80.7%
to
80.7%
to
80.7%
to
80.7%
to
80.7%
to
80.7%
to
80.7%
to
80.7%
do
80.3%
me
79%
me
79%
we
79%
it
78.6%
it
78.6%
It
78.6%
it
78.6%
It
78.6%
it
78.6%
It
78.6%
no one
77.3%
no one
77.3%
no one
77.3%
in
76.3%
your
76.3%
your
76.3%
what
75.9%
what
75.9%
know
73.9%
is.
73.9%
know
73.9%
is
73.9%
know
73.9%
know
73.9%
know
73.9%
know
73.9%
know
73.9%
know
73.9%
% Correct
know
73.9%
When
69.5%
when
69.5%
are
68.1%
are
68.1%
Are
68.1%
Are
68.1%
Are
68.1%
If
67.5%
If
67.5%
If
67.5%
if
67.5%
my
67.1%
my
67.1%
my
67.1%
my
67.1%
my
67.1%
my
67.1%
my
67.1%
my
67.1%
my
67.1%
my
67.1%
my
67.1%
so
65.8%
that
64.4%
will
63.7%
will
63.7%
will
63.7%
will
63.7%
will
63.7%
will
63.7%
will
63.7%
will
63.7%
will
63.7%
will
63.7%
have
61.4%
how
59%
how
59%
of
57.6%
of
57.6%
Can't
55.9%
Can't
55.9%
Can't
55.9%
take
54.6%
this
53.2%
like
50.8%
not
50.5%
with
49.5%
with
49.5%
but
47.5%
but
47.5%
would
46.4%
from
45.4%
here
45.4%
here
45.4%
here
45.4%
you'll
44.7%
life
43.4%
Life
43.4%
I've
43.1%
I've
43.1%
I've
43.1%
won
41.7%
you've
39.3%
never
39%
never
39%
never
39%
never
39%
won't
38.3%
been
38%
Just
37.3%
just
37.3%
come
36.9%
name.
36.6%
name.
36.6%
name.
36.6%
name.
36.6%
name.
36.6%
name!
36.6%
name!
36.6%
name!
36.6%
give?
36.3%
think
33.6%
by
31.9%
because
31.9%
because
31.9%
because
31.9%
feel.
30.8%
feel!)
30.8%
night.
30.5%
save
29.5%
save
29.5%
save
29.5%
seen
28.1%
seen
28.1%
seen
28.1%
than
27.5%
gone
27.5%
kill
26.4%
kill
26.4%
% Correct
kill
26.4%
saw
25.8%
end.
25.4%
else
25.1%
else
25.1%
else
25.1%
nothing
23.1%
die?
23.1%
things
23.1%
die?
23.1%
die?
23.1%
Try
22.4%
same
21.7%
through
20.3%
through
20.3%
through
20.3%
through
20.3%
may
19.7%
may
19.7%
may
19.7%
may
19.7%
ready
19.3%
eyes
18.6%
must
18%
yourself
15.9%
yourself
15.9%
yourself
15.9%
yourself
15.9%
yourself
15.9%
fall
15.3%
willing
14.6%
willing
14.6%
change
13.6%
Arm
13.2%
blood
13.2%
Arm
13.2%
blood
13.2%
Arm
13.2%
blood
13.2%
Odds
12.9%
odds
12.9%
odds
12.9%
odds
12.9%
game
12.5%
hand,
12.5%
meet
11.9%
veins,
11.5%
inside
11.5%
veins...
11.5%
veins,
11.5%
betray
11.2%
playing.
11.2%
betray
11.2%
betray
11.2%
angels
10.8%
forget
10.5%
(Forget
10.5%
deny
10.2%
longs
10.2%
runs
10.2%
cut
10.2%
men
10.2%
deny
10.2%
longs
10.2%
runs
10.2%
deny
10.2%
longs
10.2%
runs
10.2%
replace
9.8%
replace
9.8%
replace
9.8%
storm
9.5%
arrives
9.5%
next
9.5%
line.
9.5%
fulfill
9.5%
fulfill
9.5%
fulfill
9.5%
merciless
9.2%
heights
8.8%
harder
8.8%
divine.
8.5%
return
8.5%
diamond
8.1%
blinding
7.8%
prize;
7.8%
Coldest
7.8%
prize;
7.8%
Coldest
7.8%
prize;
7.8%
Coldest
7.8%
hide
7.5%
pretend
7.1%
spin
6.1%
wheel.
6.1%
(Spin
6.1%
wheel!)
6.1%
deceived?
5.1%

You're not logged in!

Compare scores with friends on all Sporcle quizzes.
Join for Free
OR
Log In

You Might Also Like...

Show Comments

Extras

Top Quizzes Today


Score Distribution

Your Account Isn't Verified!

In order to create a playlist on Sporcle, you need to verify the email address you used during registration. Go to your Sporcle Settings to finish the process.

Report this User

Report this user for behavior that violates our Community Guidelines.

Details: